<?xml version="1.0" encoding="UTF-8"?>
<record
    xmlns:xsi="http://www.w3.org/2001/XMLSchema-instance"
    xsi:schemaLocation="http://www.loc.gov/MARC21/slim http://www.loc.gov/standards/marcxml/schema/MARC21slim.xsd"
    xmlns="http://www.loc.gov/MARC21/slim">

  <leader>04234nam a2200457 a 4500</leader>
  <controlfield tag="001">000045724</controlfield>
  <controlfield tag="005">20201002052416.0</controlfield>
  <controlfield tag="008">150130s2013    dr abc        000 0 spa d</controlfield>
  <datafield tag="020" ind1=" " ind2=" ">
    <subfield code="a">9789945495135 (v. 1)</subfield>
  </datafield>
  <datafield tag="020" ind1=" " ind2=" ">
    <subfield code="a">9789945495143 (v. 2)</subfield>
  </datafield>
  <datafield tag="020" ind1=" " ind2=" ">
    <subfield code="a">9789945495151 (v. 3)</subfield>
  </datafield>
  <datafield tag="020" ind1=" " ind2=" ">
    <subfield code="a">978994549516X (v. 4)</subfield>
  </datafield>
  <datafield tag="020" ind1=" " ind2=" ">
    <subfield code="a">9789945495178 (v. 5)</subfield>
  </datafield>
  <datafield tag="020" ind1=" " ind2=" ">
    <subfield code="a">9789945495186 (v. 6)</subfield>
  </datafield>
  <datafield tag="020" ind1=" " ind2=" ">
    <subfield code="a">9789945495194 (v. 7)</subfield>
  </datafield>
  <datafield tag="020" ind1=" " ind2=" ">
    <subfield code="a">9789945495208 (v. 8)</subfield>
  </datafield>
  <datafield tag="040" ind1=" " ind2=" ">
    <subfield code="a">DO-SdBNP</subfield>
    <subfield code="b">spa</subfield>
    <subfield code="c">BNPHU</subfield>
  </datafield>
  <datafield tag="082" ind1=" " ind2=" ">
    <subfield code="a">xxxx</subfield>
    <subfield code="b">xxxx</subfield>
  </datafield>
  <datafield tag="100" ind1="1" ind2=" ">
    <subfield code="a">Hern&#xE1;ndez Grull&#xF3;n, Alejandro</subfield>
    <subfield code="9">44157</subfield>
  </datafield>
  <datafield tag="245" ind1="1" ind2="0">
    <subfield code="a">Ciencias :</subfield>
    <subfield code="b">educacion b&#xE1;sica /</subfield>
    <subfield code="c">Alejandro Hern&#xE1;ndez Grull&#xF3;n...[et al.] ; ilustraciones Ram&#xF3;n L. Sandoval.</subfield>
  </datafield>
  <datafield tag="260" ind1=" " ind2=" ">
    <subfield code="a">Santo Domingo :</subfield>
    <subfield code="b">Actualidad Escolar 2000,</subfield>
    <subfield code="c">2013.</subfield>
  </datafield>
  <datafield tag="300" ind1=" " ind2=" ">
    <subfield code="a">8 v. :</subfield>
    <subfield code="b">il., map. retrs. ;</subfield>
    <subfield code="c">28 cm.</subfield>
  </datafield>
  <datafield tag="500" ind1=" " ind2=" ">
    <subfield code="a">Del volumen 1 al 4 es edici&#xF3;n revisada y actualizada al 2013</subfield>
  </datafield>
  <datafield tag="500" ind1=" " ind2=" ">
    <subfield code="a">Del volumen 5 al 8 es edici&#xF3;n revisada y actualizada al 2014</subfield>
  </datafield>
  <datafield tag="500" ind1=" " ind2=" ">
    <subfield code="a">Cada v. posee el "Libro del maestro"</subfield>
  </datafield>
  <datafield tag="505" ind1="1" ind2=" ">
    <subfield code="a">v.1 :</subfield>
    <subfield code="g">unidad 1 --</subfield>
    <subfield code="t">Yo tengo una familia --</subfield>
    <subfield code="g">unidad 2 --</subfield>
    <subfield code="t">Mi escuela --</subfield>
    <subfield code="g">unidad 3 --</subfield>
    <subfield code="t">Mi comunidad --</subfield>
    <subfield code="g">unidad 4 --</subfield>
    <subfield code="t">Mi pa&#xED;s --</subfield>
    <subfield code="t">Bibliograf&#xED;a /</subfield>
    <subfield code="r">Hern&#xE1;ndez Grull&#xF3;n, Alejandro --</subfield>
    <subfield code="r">Hern&#xE1;ndez, Juan Ricardo --</subfield>
  </datafield>
  <datafield tag="505" ind1="1" ind2=" ">
    <subfield code="a">v. 2 :</subfield>
    <subfield code="g">unidad 1 --</subfield>
    <subfield code="t">Yo tengo una familia --</subfield>
    <subfield code="g">unidad 2 --</subfield>
    <subfield code="t">Vivo en una comunidad --</subfield>
    <subfield code="g">unidad 3 --</subfield>
    <subfield code="t">&#xBF;C&#xF3;mo se organiza mi comunidad? --</subfield>
    <subfield code="g">unidad 4 --</subfield>
    <subfield code="t">Comunicaci&#xF3;n y transporte en la comunidad --</subfield>
    <subfield code="g">unidad 5 --</subfield>
    <subfield code="t">Mi pa&#xED;s, Rep&#xFA;blica Dominicana --</subfield>
    <subfield code="t">Bibliograf&#xED;a /</subfield>
    <subfield code="t">Bibliograf&#xED;a /</subfield>
    <subfield code="r">Hern&#xE1;ndez Grull&#xF3;n, Alejandro --</subfield>
    <subfield code="r">Hern&#xE1;ndez, Juan Ricardo --</subfield>
  </datafield>
  <datafield tag="505" ind1="1" ind2=" ">
    <subfield code="a">v. 3 :</subfield>
    <subfield code="g">unidad 1 --</subfield>
    <subfield code="t">Familia y comunidad --</subfield>
    <subfield code="g">unidad 2 --</subfield>
    <subfield code="t">Conozco donde vivo --</subfield>
    <subfield code="g">unidad 3 --</subfield>
    <subfield code="t">Cultura y autirdades en nuestros municipios --</subfield>
    <subfield code="g">unidad 4 --</subfield>
    <subfield code="t">Rep&#xFA;blica Dominicana, primeros pobladores --</subfield>
    <subfield code="t">Bibliograf&#xED;a /</subfield>
    <subfield code="r">Hern&#xE1;ndez Grull&#xF3;n, Alejandro --</subfield>
    <subfield code="r">Hern&#xE1;ndez, Juan Ricardo --</subfield>
  </datafield>
  <datafield tag="505" ind1="1" ind2=" ">
    <subfield code="a">v. 4 :</subfield>
    <subfield code="g">unidad 1 --</subfield>
    <subfield code="t">Provincias y regiones dominicanas --</subfield>
    <subfield code="g">unidad 2 --</subfield>
    <subfield code="t">Relieve, hidrograf&#xED;a y clima de las regiones de la Rep&#xFA;blica Dominicana --</subfield>
    <subfield code="g">unidd 3 --</subfield>
    <subfield code="t">Nuestros primeros pobladores y la llegada de los espa&#xF1;oles --</subfield>
    <subfield code="g">unidad 4 --</subfield>
    <subfield code="t">Esclavitud nativa y resistencia --</subfield>
    <subfield code="g">unidad 5 --</subfield>
    <subfield code="t">As&#xED; se form&#xF3; el pueblo dominicano /</subfield>
    <subfield code="r">Hern&#xE1;ndez Grull&#xF3;n, Alejandro --</subfield>
    <subfield code="r">Hern&#xE1;ndez, Juan Ricardo --</subfield>
  </datafield>
  <datafield tag="505" ind1="1" ind2=" ">
    <subfield code="a">v. 5 :</subfield>
    <subfield code="g">unidad 1 --</subfield>
    <subfield code="t">La isla de Santo Domingo y la regi&#xF3;n del Caribe --</subfield>
    <subfield code="g">unidad 2 --</subfield>
    <subfield code="t">Los continentes: Am&#xE9;rica, Europa, &#xC1;frica, Asia, Ocean&#xED;a y Ant&#xE1;rtida --</subfield>
    <subfield code="g">unidad 3 --</subfield>
    <subfield code="t">Las civilizaciones antiguas --</subfield>
    <subfield code="g">unidad 4 --</subfield>
    <subfield code="t">&#xC1;frica y Am&#xE9;rica conquistadas por Europa --</subfield>
    <subfield code="g">unidad 5 --</subfield>
    <subfield code="t">Las civilizaciones del continente americano y pobladores de las Antillas --</subfield>
    <subfield code="g">unidad 6 --</subfield>
    <subfield code="t">Az&#xFA;car y esclavitud en la regi&#xF3;n caribe&#xF1;a /</subfield>
    <subfield code="r">Hern&#xE1;ndez Grull&#xF3;n, Alejandro --</subfield>
    <subfield code="r">Hern&#xE1;ndez, Juan Ricardo --</subfield>
  </datafield>
  <datafield tag="505" ind1="1" ind2=" ">
    <subfield code="a">v. 6 :</subfield>
    <subfield code="g">unidad 1--</subfield>
    <subfield code="t">Colonizaci&#xF3;n de Am&#xE9;rica, &#xC1;frica y Asia--</subfield>
    <subfield code="g">unidad 2 --</subfield>
    <subfield code="t">Colonizaci&#xF3;n de la Hispaniola --</subfield>
    <subfield code="g">unidad 3 --</subfield>
    <subfield code="t">Las revoluciones burguesas --</subfield>
    <subfield code="g">unidad 4 --</subfield>
    <subfield code="t">El movimiento antiesclavista en Am&#xE9;rica --</subfield>
    <subfield code="g">unidad 5 --</subfield>
    <subfield code="t">La independencia de las colonias americanas /</subfield>
    <subfield code="r">Hern&#xE1;ndez Grull&#xF3;n, Alejandro --</subfield>
    <subfield code="r">Hern&#xE1;ndez, Juan Ricardo --</subfield>
  </datafield>
  <datafield tag="505" ind1="1" ind2=" ">
    <subfield code="a">v. 7 :</subfield>
    <subfield code="g">unidad 1 --</subfield>
    <subfield code="t">Movimiento poblacional y dominio del espacio en la Rep&#xFA;blica Dominicana --</subfield>
    <subfield code="g">unidad 2 --</subfield>
    <subfield code="t">Ocupaci&#xF3;n haitiana (1822-1844) y proceso de la independencia de la Rep&#xFA;blica Dominicana --</subfield>
    <subfield code="g">unidad 3 --</subfield>
    <subfield code="t">Presencia de las potencias europeas y los Estados Unidos en las luchas internas post-independentistas /</subfield>
    <subfield code="r">Hern&#xE1;ndez Grull&#xF3;n, Alejandro --</subfield>
    <subfield code="r">Hern&#xE1;ndez, Juan Ricardo --</subfield>
  </datafield>
  <datafield tag="505" ind1="1" ind2=" ">
    <subfield code="a">v. 8 :</subfield>
    <subfield code="g">unidad 1 --</subfield>
    <subfield code="t">Luchas por el control del espacio entre las potencias mundiales --</subfield>
    <subfield code="g">unidad 2 --</subfield>
    <subfield code="t">Dictaduras y derechos humanos en Rep&#xFA;blica Dominicana y Am&#xE9;rica Latina --</subfield>
    <subfield code="g">unidad 3 --</subfield>
    <subfield code="t">Sistema electoral y cobertura democr&#xE1;tica en la Rep&#xFA;blica Dominicana /</subfield>
    <subfield code="r">Hern&#xE1;ndez Grull&#xF3;n, Alejandro --</subfield>
    <subfield code="r">Hern&#xE1;ndez, Juan Ricardo --</subfield>
  </datafield>
  <datafield tag="700" ind1="1" ind2=" ">
    <subfield code="a">Cid, Henry</subfield>
    <subfield code="e">il.</subfield>
    <subfield code="9">346</subfield>
  </datafield>
  <datafield tag="700" ind1="1" ind2=" ">
    <subfield code="a">P&#xE9;rez, Danilda</subfield>
    <subfield code="e">act.</subfield>
    <subfield code="9">73778</subfield>
  </datafield>
  <datafield tag="700" ind1="1" ind2=" ">
    <subfield code="a">Phipps Green, George</subfield>
    <subfield code="e">il.</subfield>
    <subfield code="9">73779</subfield>
  </datafield>
  <datafield tag="700" ind1="1" ind2=" ">
    <subfield code="a">Hern&#xE1;ndez, Juan Ricardo</subfield>
    <subfield code="9">73780</subfield>
  </datafield>
  <datafield tag="700" ind1="1" ind2=" ">
    <subfield code="a">Grull&#xF3;n, Ramona</subfield>
    <subfield code="e">act.</subfield>
    <subfield code="9">73781</subfield>
  </datafield>
  <datafield tag="700" ind1="1" ind2=" ">
    <subfield code="a">Sandoval, Ram&#xF3;n L.</subfield>
    <subfield code="e">il.</subfield>
    <subfield code="9">29585</subfield>
  </datafield>
  <datafield tag="700" ind1="1" ind2=" ">
    <subfield code="a">Guzm&#xE1;n Nieves, Ram&#xF3;n</subfield>
    <subfield code="e">il.</subfield>
    <subfield code="9">73782</subfield>
  </datafield>
  <datafield tag="952" ind1=" " ind2=" ">
    <subfield code="0">0</subfield>
    <subfield code="1">0</subfield>
    <subfield code="7">1</subfield>
    <subfield code="8">PD</subfield>
    <subfield code="a">PD</subfield>
    <subfield code="b">PD</subfield>
    <subfield code="c">CT</subfield>
    <subfield code="d">2015-05-07</subfield>
    <subfield code="i">LF1</subfield>
    <subfield code="l">0</subfield>
    <subfield code="o">xxxx xxxx</subfield>
    <subfield code="p">45724-10</subfield>
    <subfield code="r">2020-06-25</subfield>
    <subfield code="w">2020-06-25</subfield>
    <subfield code="y">LFPD</subfield>
    <subfield code="Z">No se presta</subfield>
  </datafield>
  <datafield tag="999" ind1=" " ind2=" ">
    <subfield code="c">45213</subfield>
    <subfield code="d">45213</subfield>
  </datafield>
</record>
